000 00872nam a2200241Ia 4500
001 10685
003 GE_BSU
008 181216s||||||||xx |||||||||||||| ||und||
040 _cGE_BSU
080 _a087.5:93(479.22)
100 _aფრუიძე,ლევან.
245 _aსაგანძურები.
245 _bსაქართველოს სახელმწიფო მუზეუმის სასკოლო ასაკის ბავშვთათვის.
245 _cრედ.მ.სოხაძე; მხატვ. ჯ.ყავლაშვილი.
250 _a1-ლი გამოცემა.
260 _aთბილისი.
260 _bნაკადული.
260 _c1975.
300 _a91გვ;21სმ.
300 _eილ.
653 _aსაგანძურები.
942 _cBK
999 _c43936
_d43936